| 000 | 01382nam0a2200313 i 4500 | ||
|---|---|---|---|
| 001 | RU\NLR\BIBL_A\010563653 | ||
| 005 | 20260409070420.0 | ||
| 010 |
_a9785000910016 _9500 |
||
| 021 |
_aRU _b2014-78606 _94806 |
||
| 035 | _a(NILC)RuMoRGB-007569105 | ||
| 035 | _a(NLR Aleph) 010563653 | ||
| 090 |
_a10392540 _c10392540 |
||
| 100 | _a20141212d2015 m y0rusy50 ca | ||
| 101 | 0 | _arus | |
| 102 | _aRU | ||
| 105 | _aa j 000yy | ||
| 200 | 1 |
_aИнтернет-технологии _eучебное пособие для студентов высших учебных заведений, обучающихся по специальности 09.03.01 "Информатика и вычислительная техника" _fС. Р. Гуриков |
|
| 210 |
_aМосква _cФорум _d2015 _d[т. е. 2014] |
||
| 215 |
_a183 с. _cил. _d24 |
||
| 300 | _aКн. фактически издана в 2014 г. | ||
| 320 | _aБиблиогр.: с. 181 | ||
| 606 |
_aINTERNET, глобальная информационная сеть _jУчебные издания для высших учебных заведений _3RU\NLR\AUTH\66234270 _91323271 |
||
| 686 | 1 | _aЗ988.02я73-1 | |
| 700 | 1 |
_aГуриков _bС. Р. _gСергей Ростиславович |
|
| 801 | 0 |
_aRU _bРГБ _c20141017 _gRCR |
|
| 942 | _cBOOK | ||
| 980 | _aNBR | ||